Introduction to genetic analysis / (Record no. 188180)
[ view plain ]
| 000 -LEADER | |
|---|---|
| fixed length control field | 01637cam a22004217i 4500 |
| 001 - CONTROL NUMBER | |
| control field | 20797341 |
| 003 - CONTROL NUMBER IDENTIFIER | |
| control field | MY-SjTCS |
| 005 - DATE AND TIME OF LATEST TRANSACTION | |
| control field | 20220824165211.0 |
| 008 - FIXED-LENGTH DATA ELEMENTS--GENERAL INFORMATION | |
| fixed length control field | 181228t20202020nyuac 001 0 eng |
| 020 ## - INTERNATIONAL STANDARD BOOK NUMBER | |
| International Standard Book Number | 9781319114787 |
| Qualifying information | (hardback) |
| 020 ## - INTERNATIONAL STANDARD BOOK NUMBER | |
| International Standard Book Number | 1319114784 |
| Qualifying information | (hardback) |
| 020 ## - INTERNATIONAL STANDARD BOOK NUMBER | |
| International Standard Book Number | 9781319114770 |
| Qualifying information | (hardback) |
| 020 ## - INTERNATIONAL STANDARD BOOK NUMBER | |
| International Standard Book Number | 1319114776 |
| Qualifying information | hardback |
| 020 ## - INTERNATIONAL STANDARD BOOK NUMBER | |
| International Standard Book Number | 9781319114817 |
| Qualifying information | (looseleaf) |
| 020 ## - INTERNATIONAL STANDARD BOOK NUMBER | |
| International Standard Book Number | 1319114814 |
| Qualifying information | (looseleaf) |
| 035 ## - SYSTEM CONTROL NUMBER | |
| System control number | (OCoLC)on1142814154 |
| 040 ## - CATALOGING SOURCE | |
| Original cataloging agency | NLM |
| Language of cataloging | eng |
| Transcribing agency | NLM |
| Description conventions | rda |
| Modifying agency | OCLCF |
| -- | YDXIT |
| -- | CHVBK |
| -- | SNU |
| -- | CUV |
| -- | AU@ |
| -- | DLC |
| -- | MY-SjTCS |
| 082 04 - DEWEY DECIMAL CLASSIFICATION NUMBER | |
| Classification number | 576.5 |
| Item number | GRI 2020 |
| 100 1# - MAIN ENTRY--PERSONAL NAME | |
| Personal name | Griffiths, Anthony J. F., |
| Relator term | author. |
| 9 (RLIN) | 15832 |
| 245 10 - TITLE STATEMENT | |
| Title | Introduction to genetic analysis / |
| Statement of responsibility, etc. | Anthony J.F. Griffiths, John Doebley, Catherine Peichel, David A. Wassarman. |
| 246 3# - VARYING FORM OF TITLE | |
| Title proper/short title | Genetic analysis |
| 250 ## - EDITION STATEMENT | |
| Edition statement | Twelfth edition. |
| 264 #1 - PRODUCTION, PUBLICATION, DISTRIBUTION, MANUFACTURE, AND COPYRIGHT NOTICE | |
| Place of production, publication, distribution, manufacture | New York, NY : |
| Name of producer, publisher, distributor, manufacturer | W.H. Freeman & Company/Macmillan Learning, |
| Date of production, publication, distribution, manufacture, or copyright notice | [2020] |
| 264 #4 - PRODUCTION, PUBLICATION, DISTRIBUTION, MANUFACTURE, AND COPYRIGHT NOTICE | |
| Date of production, publication, distribution, manufacture, or copyright notice | ©2020 |
| 300 ## - PHYSICAL DESCRIPTION | |
| Extent | xix, 796 pages : |
| Other physical details | illustrations (chiefly colour), portraits ; |
| Dimensions | 29 cm |
| 336 ## - CONTENT TYPE | |
| Content type term | text |
| Source | rdacontent |
| 337 ## - MEDIA TYPE | |
| Media type term | unmediated |
| Source | rdamedia |
| 338 ## - CARRIER TYPE | |
| Carrier type term | volume |
| Source | rdacarrier |
| 500 ## - GENERAL NOTE | |
| General note | Preceded by Introduction to genetic analysis / Anthony J.F. Griffiths, Susan R. Wessler, Sean B. Carroll, John Doebley. 11th ed. c2015. |
| 504 ## - BIBLIOGRAPHY, ETC. NOTE | |
| Bibliography, etc. note | Includes index. |
| 650 #0 - SUBJECT ADDED ENTRY--TOPICAL TERM | |
| Topical term or geographic name entry element | Genetics |
| General subdivision | Research |
| 9 (RLIN) | 305266 |
| 650 #0 - SUBJECT ADDED ENTRY--TOPICAL TERM | |
| Topical term or geographic name entry element | Molecular genetics |
| 9 (RLIN) | 691 |
| 650 #0 - SUBJECT ADDED ENTRY--TOPICAL TERM | |
| Topical term or geographic name entry element | Genetics |
| General subdivision | Methodology |
| 9 (RLIN) | 305267 |
| 700 1# - ADDED ENTRY--PERSONAL NAME | |
| Personal name | Doebley, John F., |
| Relator term | author. |
| 9 (RLIN) | 305263 |
| 700 1# - ADDED ENTRY--PERSONAL NAME | |
| Personal name | Peichel, Catherine L., |
| Dates associated with a name | 1969- |
| Relator term | author. |
| 9 (RLIN) | 305264 |
| 700 1# - ADDED ENTRY--PERSONAL NAME | |
| Personal name | Wassarman, David A., |
| Relator term | author. |
| 9 (RLIN) | 305265 |
| 920 ## - Programme | |
| Programme | SBS : 332600 |
| Withdrawn status | Lost status | Source of classification or shelving scheme | Damaged status | Not for loan | Home library | Current library | Date acquired | Source of acquisition | Cost, normal purchase price | Inventory number | Total Checkouts | Barcode | Date last seen | Date last checked out | Uniform Resource Identifier | Cost, replacement price | Price effective from | Koha item type | Public note |
|---|---|---|---|---|---|---|---|---|---|---|---|---|---|---|---|---|---|---|---|
| Dewey Decimal Classification | Taylor's Library-TU | Taylor's Library-TU | 07/03/2022 | 42 | 1368.87 | TU700000281 | 1 | 5000166023 | 01/08/2024 | 11/07/2024 | Floor 4, Shelf 16 , Side 2, TierNo 5, BayNo 5 | 1368.87 | 07/03/2022 | Main Collection | SBSxx,95601,03,RA |